Euro nezanikne, ale môže destabilizovať medzinárodný menový systém

Problém vysokého dlhu aj v krajinách mimo eurozóny. Dlh krajín eurozóny najmä v rukách nerezidentov. Hrubý dlh všeobecnej vlády (2006-2011). Opatrenia na elimináciu dlhovej krízy v USA a v krajinách Európskej únie. Doterajšia pomoc pre krajiny eurozóny (Grécko, Portugalsko, Írsko). Riziká ďalšieho v...

ver descrição completa

Na minha lista:
Detalhes bibliográficos
Autor principal: Kotlebová, Jana, 1969-
Formato: Capítulo de Livro
Idioma:eslovaco
Assuntos:
Tags: Adicionar Tag
Sem tags, seja o primeiro a adicionar uma tag!

MARC

LEADER 00000naa a2200000 4500
001 0146017
005 20240517112159.1
041 0 |a slo 
044 |a SK 
245 1 0 |a Euro nezanikne, ale môže destabilizovať medzinárodný menový systém  |c Jana Kotlebová 
520 |a Problém vysokého dlhu aj v krajinách mimo eurozóny. Dlh krajín eurozóny najmä v rukách nerezidentov. Hrubý dlh všeobecnej vlády (2006-2011). Opatrenia na elimináciu dlhovej krízy v USA a v krajinách Európskej únie. Doterajšia pomoc pre krajiny eurozóny (Grécko, Portugalsko, Írsko). Riziká ďalšieho vývoja. 
610 2 0 |a euro 
610 2 0 |a eurozóna 
610 2 0 |a systém menový medzinárodný 
610 2 0 |a dlhy štátne 
610 2 0 |a zadlženosť 
610 2 0 |a pôžičky 
610 2 0 |a Európska únia 
610 2 0 |a USA 
100 1 |a Kotlebová, Jana, 1969-